| 000 | 00392nam a2200097Ia 4500 | ||
|---|---|---|---|
| 008 | 180130s9999 xx 000 0 und d | ||
| 245 |
_cZimmer, T.; Billaud, M.; Pic, M.; Geoffroy, D. _aRemote lab experiments in electronics for use an reuse |
||
| 260 | _c2016 | ||
| 300 | _aBook title: Recent developments in mobile technology--Acession number C20742; pages 145-148 | ||
| 650 | _aMOBILE TECHNOLOGY | ||
| 999 |
_c353775 _d353775 |
||